| 000 | 02046nam0a22003851 4500 | ||
|---|---|---|---|
| 001 | RU\NLR\Evr\6052 | ||
| 005 | 20251202160538.0 | ||
| 035 | _a(NLR Aleph) 011422433 | ||
| 090 |
_a13414735 _c13414735 |
||
| 100 | _a20130418d1941 u y0rusy50 ca | ||
| 101 | 0 | _ayid | |
| 102 | _aUA | ||
| 105 | _ay ||||||||| | ||
| 200 | 1 |
_6a01 _7ba _aOrtografie un punktuatsie _eZamlung klolim un genitungen _eHilfsbukh far der mitlshul _fM. Maydanski, M. Shapiro |
|
| 210 |
_6a01 _aKiev _cMelukhe-farlag far di natsionale minderheytn in USSR _d1941 _7ba |
||
| 210 |
_6a01 _9z02 _aקיעוו _cמעלוכע-פארלאג פאר די נאציאָנאלע מינדערהייטנ אינ אוססר _d1941 |
||
| 210 |
_9z02 _aКиев _cГосударственное издательство национальных меньшинств в УССР _d1941 _7ca |
||
| 215 |
_a152 с. _d21 см. |
||
| 510 | 1 |
_6a01 _aאָרטאָגראפיע אונ פּונטואציע _eזאמלונג קלאָלים אונ געניטונגענ _eהילפסבוכ פאר דער מיטלשול _fמ.מיידאנסקי, מ. שאפּיראָ |
|
| 510 | 1 |
_aОрфографiя й пунктуацiя _zukr |
|
| 517 | 1 |
_aОртографiя й пунктуацiя _eЗбiрник вправ для середньої школи _zukr |
|
| 541 | 1 |
_aОрфография и пунктуация _eСборник правил и упражнений _eВспомогательная книга для средней школы _zrus |
|
| 700 | 1 |
_6a01 _aМайданский _bМ.Н. _f1899-1973 _gМоисей Нояхович _3RU\NLR\AUTH\7950680 _4070 _7ca |
|
| 701 | 1 |
_aШапиро _bМ. _f1899-1973 _gМойше _3RU\NLR\AUTH\7949204 _4070 _7ca |
|
| 801 | 0 |
_aRU _bNLR _c20130418 _gpsbo |
|
| 801 | 0 |
_aRU _bNLR _gPSBO |
|
| 801 | 1 |
_aRU _bNLR _c20130418 _2rusmarc |
|
| 801 | 2 |
_aRU _bNLR _c20130418 _2rusmarc |
|
| 852 |
_aNLR _bОЛСАА/идиш _j3-18 |
||
| 942 | _cBOOK | ||
| 945 | _aРоссийская национальная библиотека | ||
| 980 | _aNB | ||
| 980 | _aBV | ||
| 980 | 1 | _aIDISH | |